Statistics for Mountain ranges of Europe

Click here to take the quiz!

General Stats

  • This quiz has been taken 331 times
  • The average score is 9 of 59

Answers on the Map

Answers color-coded by a green-red scale on the quiz's map according to % correct below.
 

Answer Stats

Answer% Correct
Alps
95%
Pyrenees
82%
Ural Mountains
81%
Carpathian
72%
Greater Caucasus
62%
Apennines
51%
Dinaric Alps
35%
Massif Central
28%
Pennines
27%
Scandinavian Mountains
27%
Grampian Mountains
24%
Ardennes Massif
23%
Jura Mountains
23%
Balkan Mountains
19%
Black Forest
19%
Vosges
19%
Cantabrian Mountains
17%
Olympus Mountains
16%
Central System
15%
Sudetes
14%
Harz
13%
Iberian System
13%
Lake District
12%
Pindus
12%
Bohemian Forest
10%
Ore Mountains
10%
Pirin
10%
Sierra Morena
10%
Šar Mountains
9%
Baetic System
8%
Rila
8%
Cambrian Mountains
7%
Rhodopes
7%
Armorican Massif
6%
Rhön
6%
Wicklow Mountains
5%
Morvan
4%
Świętokrzyskie Mountains
4%
Vogelsberg
4%
Black Mountains
3%
Gennargentu
3%
Karelides
3%
Măcin Mountains
3%
Mourne Mountains
3%
Strandzha
3%
Swabian Jura
3%
Voras Mountains
3%
Alpilles
2%
Baba
2%
Jakupica
2%
MacGillycuddy's Reeks
2%
Massif of Monte Incudine
2%
Massif of Monte Renoso
2%
Massif of Monte Rotondo
2%
Serra de Tramuntana
2%
Skanderbeg
2%
Sredna Gora
2%
Kožuf
1%
Massif of Monte Cinto
1%

Score Distribution

Percentile by Number Answered

Percent of People with Each Score

Your Score History

You have not taken this quiz